Payment for ecosystme services (Record no. 42868)

MARC details
000 -LEADER
fixed length control field 00392nam a2200145Ia 4500
020 ## - INTERNATIONAL STANDARD BOOK NUMBER
ISBN 100195698746
082 ## - DEWEY DECIMAL CLASSIFICATION NUMBER
Classification number 332.142.6
Item number PUS
100 ## - MAIN ENTRY--AUTHOR NAME
Personal name Muradian, Rolden
245 #0 - TITLE STATEMENT
Title Payment for ecosystme services
260 ## - PUBLICATION, DISTRIBUTION, ETC. (IMPRINT)
Place of publication New Delhi
Name of publisher Oxford University Press
Year of publication 2009
650 ## - SUBJECT ADDED ENTRY--TOPICAL TERM
Topical Term Ecosystem markeeting
700 ## - ADDED ENTRY--PERSONAL NAME
Personal name Pushpam Kumar
942 ## - ADDED ENTRY ELEMENTS (KOHA)
Koha item type Books
Holdings
Withdrawn status Lost status Damaged status Not for loan Home library Current library Date acquired Cost, normal purchase price Full call number Accession Number Koha item type
        RRII Library RRII Library 16/12/2021 695.00 332.142.6 PUS 23132 Books